000 01017cam a22002774a 4500
001 12729884
005 20040312104847.0
008 020404s2002 paua 001 0 eng
010 _a 2002104858
020 _a0750651318
035 _a(DLC) 2002104858
040 _aDLC
_cDLC
_dDLC
042 _apcc
050 0 0 _aTL240
_b.H4396 2002
082 0 0 _a629.23
_222
_bHEI
100 1 _aHeisler, Heinz.
_96852
245 1 0 _aAdvanced vehicle technology /
_cHeinz Heisler.
250 _a2nd ed.
260 _aWarrendale, PA :
_bSAE International,
_c2002.
300 _aix, 654 p. :
_bill. ;
_c25 cm.
500 _aIncludes index.
650 0 _aAutomobiles
_xDesign and construction.
_96853
942 _2ddc
_cBB
999 _c12011
_d12011